000 00787nam a22002417a 4500
003 KOHA_MİRAKIL
005 20260602093947.0
008 260602b tu ||||| |||| 00| 0 tur d
020 _a9786057903471
040 _aTR-AnABB
_btur
_cTR-AnABB
041 _atur
082 _a811.42
_bSEN 2019
100 1 _aŞenol, Mesut
245 1 0 _aKöşe başında beklerken =
_bwaiting around the corner /
_cMesut Şenol
246 _aWaiting around the corner
250 _a1. baskı
260 _aİstanbul :
_bArtshop,
_c2019
300 _a96 sayfa ;
_c18 cm
490 0 _aArtshop Dünya Edebiyatı Platformu Şiir Dizisi ;
_v27
500 _aKitap yazar tarafından Prof. Dr. Ruşen Keleş için imzalanmıştır.
650 0 4 _aTürk edebiyatı, şiir
942 _2ddc
_cBK
999 _c10394
_d10394
900 _bCan ÇELIK